Bengkel kecemerlangan diri : 7 - 11 Julai 1997 [
| Corporate Author: | |
|---|---|
| Format: | Book |
| Published: |
Port Dickson :
Kem Belia Waja ,
1997
|
| Subjects: |
MARC
| LEADER | 00000cam a2200000 7i4500 | ||
|---|---|---|---|
| 001 | 0000022128 | ||
| 005 | 20080823.0 | ||
| 040 | |a INS | ||
| 090 | 0 | 0 | |a VCD 642 |
| 245 | 0 | 0 | |a Bengkel kecemerlangan diri : |b 7 - 11 Julai 1997 [ |h cakera video] |
| 260 | |a Port Dickson : |b Kem Belia Waja , |c 1997 | ||
| 300 | |a 3 cakera video (180 min.) : |b by., wr. ; |c 4 3/4 in. | ||
| 500 | |a Juga terdapat dalam format VHS 711 | ||
| 650 | 0 | 0 | |a Personal development |
| 650 | 0 | 0 | |a Success |
| 710 | 1 | |a Institut Penilaian Negara | |
| 999 | |a VCD0000642 |b VIDEO CD |c Media Collection |e Default branch | ||